Report of the Baynun Mapping Project, Yemen, 1998 /

محفوظ في:

المؤلف الرئيسي: Wendrich, W. Z. (مؤلف)

مؤلفون آخرون: Barnard, H., Bridgman, R.M.

التنسيق: كتاب

اللغة: English

منشور في: Leiden : Research School of Asian, African, and Amerindian Studies, Universiteit Leiden, The Netherlands, 1999.

سلاسل: Contributions By the Nederlands-Vlaams Instituut in Cairo ; 3.
CNWS publications ; 80.

الموضوعات:

الوسوم: إضافة وسم

لا توجد وسوم, كن أول من يضع وسما على هذه التسجيلة!

رقم الطلب: DS41 .N4 v.3

LEADER 01249namaa2200337 4500
001 20720
003 OSt
005 20250327094404.0
008 130303s1999 ne ab b 000 0 eng d
010 |a 2002505719 
020 |a 9057890348 
040 |c ARCE Library 
043 |a a-ye--- 
050 4 |a DS41 .N4 v.3 
100 1 |a Wendrich, W. Z.   |e author 
245 1 0 |a Report of the Baynun Mapping Project, Yemen, 1998 /   |c W.Z. Wendrich, H. Barnard, R.M. Bridgman. 
264 1 |a Leiden :  |b Research School of Asian, African, and Amerindian Studies, Universiteit Leiden, The Netherlands,  |c 1999. 
300 |a 99 pages :  |b illustrations, map ;  |c 24 cm. 
490 1 |a Contributions By the Nederlands-Vlaams Instituut in Cairo ;   |v 3. 
490 1 |a CNWS publications ;   |v 80. 
500 |a One folded map in pocket. 
504 |a Includes bibliographical references (p. 98-99) 
650 0 |a Archaeological surveying  |z Yemen (Republic)  |z Dhamār (Province) 
651 0 |a Dhamār (Yemen : Province)  |x Antiquities.  |9 17070 
700 1 |a Barnard, H. 
700 1 |a Bridgman, R.M. 
830 0 |a Contributions By the Nederlands-Vlaams Instituut in Cairo ;   |v 3. 
830 0 |a CNWS publications ;   |v 80. 
901 |a reviewed 
942 |c BK  |2 lcc 
999 |c 17175  |d 17175